A projektfinanszírozás sajátosságai

Bibliographic Details
Main Author: Kiss Marcell Levente
Other Authors: Harsányi Dr. Gergely
Format: Thesis
Kulcsszavak:Projekt
Finanszírozás
sajátosságai
Online Access:http://dolgozattar.uni-bge.hu/16973

MARC

LEADER 00000nta a2200000 i 4500
001 dolg16973
005 20180516090440.0
008 180516suuuu hu om 000 hun d
040 |a BGE Dolgozattár Repozitórium  |b hun 
041 |a hu 
100 1 |a Kiss Marcell Levente 
245 1 2 |a A projektfinanszírozás sajátosságai  |c Kiss Marcell Levente  |h [elektronikus dokumentum] 
695 |a Projekt 
695 |a Finanszírozás 
695 |a sajátosságai 
700 1 |a Harsányi Dr. Gergely  |e ths 
856 4 0 |u http://dolgozattar.uni-bge.hu/16973/1/Szakdolgozat_Kiss_Marcell_Levente.pdf  |z Dokumentum-elérés 
856 4 0 |u http://dolgozattar.uni-bge.hu/16973/2/Titkos%C3%ADt%C3%A1si%20k%C3%A9relem.pdf  |z Dokumentum-elérés